Počítače pomáhají právníkům.

Vo svete sústavne vzrastá počet platných zákonov, nariadení a iných legislatívnych aktov. Vytváranie právnych databánk, ktoré môže právnik využívať prostredníctvom svojho osobného počítača. Právne informácie na kompaktných diskoch. Používanie hypertextov s prvkami umelej inteligencie. Využitie počít...

Ausführliche Beschreibung

Gespeichert in:
Bibliographische Detailangaben
1. Verfasser: Novák, D.
Format: Buchkapitel
Sprache:Tschechisch
Schlagworte:
Tags: Tag hinzufügen
Keine Tags, Fügen Sie das erste Tag hinzu!

MARC

LEADER 00000naa a2200000 4500
001 r002671
005 20220819175624.0
041 0 |a cze 
044 |a [CS] 
245 1 0 |a Počítače pomáhají právníkům.  |c D. Novák 
520 |a Vo svete sústavne vzrastá počet platných zákonov, nariadení a iných legislatívnych aktov. Vytváranie právnych databánk, ktoré môže právnik využívať prostredníctvom svojho osobného počítača. Právne informácie na kompaktných diskoch. Používanie hypertextov s prvkami umelej inteligencie. Využitie počítača na výpočet výšky žalovanej pohľadávky. 
610 2 0 |a využitie počítačov 
610 2 0 |a banky dát 
610 2 0 |a predpisy právne 
610 2 0 |a informácie 
610 2 0 |a inteligencia umelá 
610 2 0 |a právo 
100 1 |a Novák, D.